000 01148nam a2200349 i 4500
001 000012006
003 DO-SdBNP
005 20240412074229.0
007 ta
008 091103s1995 sz 000 p spa d
020 _a9782882130242
040 _aDO-SdBNP
_bspa
_cBNPHU
_erda
041 1 7 _hfre
082 4 _aRD861.44
_bP745d
_222
100 _aCouffon, Claude,
_920908
_eautor
_d1926-
245 1 0 _aPoésie dominicaine du XX siècle = Poesía Dominicana del siglo XX /
_cClaude Couffon.
264 4 _aSuise :
_bPatiño,
_c1995.
300 _a383 páginas ;
_c21 cm.
336 _2rdacontent
_atexto
_btxt
337 _2rdamedio
_asin mediación
_bn
338 _2rdacarrier
_avolumen
_bnc
490 1 _aLittératures et cultures latino-américaines
500 _aTexto en inglés y español
504 _aBibliografía : p. 375-378
590 _aInventariado, 2022/MFF
650 4 _aPoesía dominicana
_966
650 0 _aLiteratura dominicana.
_967
700 1 _aCouffon, Claude,
_etraductor
_926662
830 0 _aLittératures et cultures latino-américaines
_928409
910 _aValidado. Control de calidad MFF
942 _2ddc
_cLBS1
999 _c11674
_d11674